000
00320nam a2200109Ia 4500
008
171211s9999 xx 000 0 und d
245
_a
Complete Idiot's Guide to Yoga with Kids
245
_c
Eve Adamson and Jodi Komitor
260
_c
2000
650
_x
FITNESS
856
_u
http://down.ebook777.com/062/9780028639352.pdf
999
_c
349069
_d
349069